| 000 | 01076nam1a2200289 i 4500 | ||
|---|---|---|---|
| 001 | RU\NLR\bibl\400677 | ||
| 005 | 20241105191719.0 | ||
| 035 | _a(NLR Aleph) 000394851 | ||
| 090 |
_a538510 _c538510 |
||
| 100 | _a20030520g20029999u y0rusy50 ca | ||
| 101 | 0 | _arus | |
| 102 | _aRU | ||
| 105 | _aa ||||||||| | ||
| 200 | 1 |
_a"Крылатая" частица таджикской истории _eВ 2 т. _fРауфджон Домладжанов |
|
| 210 |
_aТурсунзаде _aСПб. _cБ.и. _d2002 |
||
| 215 | _d28 | ||
| 463 | 0 | _1001399921 | |
| 601 | 0 | 2 |
_aТаджикский алюминиевый завод _cТурсунзаде _92183237 _3RU\NLR\auth\661312767 |
| 607 |
_aРегарский район (Таджикистан) _xИстория _92291650 _3RU\NLR\auth\661372437 |
||
| 686 | _aУ30(2Т)555.257.109.2 | ||
| 686 | _aТ3(5Тад-4Р) | ||
| 700 | 1 |
_aДомладжанов _bР. _gРауфджон _4070 |
|
| 801 | 0 |
_aRU _bNLR _c20030520 _gPSBO |
|
| 801 | 1 |
_aRU _bNLR _c20030520 |
|
| 852 |
_aNLR _j2003-8/1493 |
||
| 942 | _cBOOK | ||